Roller Coaster Trivia! - Statistics

General Stats
  • This quiz has been taken 72 times
  • The average score is 7 of 15
Answer Stats
Question Answer % Correct
What is the longest roller coaster by track length in the world? Steel Dragon 2000
86%
What is the steepest roller coaster in the world? (as of 2024) TMNT Shellraiser
84%
What is the designated category of any roller coaster over 400 ft tall? Strata
83%
Which roller coaster has the most airtime? Steel Vengance
81%
What is the first full circuit roller coaster to go over 400 ft? Top Thrill Dragster
68%
What is the tallest wooden roller coaster ever built? Son of Beast
65%
What is the oldest operating roller coaster? Leap the Dips
45%
What is the highest roller coaster in the world? (Highest, not tallest) Alpine Coaster
43%
What was the first roller coaster that used steel supports? Matterhorn Bobsled
42%
Which roller coaster has the longest name? (some of the choices might be fake) Gotham City Gauntlet Escape from Arkham Asylum
36%
What was the first roller coaster to include a boomerang element? (batwing) Boomerang
35%
What Roller coaster provides the most g forces at one time Tower of Terror
32%
What is the roller coaster with the first ever vertical loop? Flip Flap Railway
23%
How many roller coasters go over 300 ft but not over 399 ft? 10
9%
What was the tallest roller coaster as of 2024? Formula Rossa
1%
No matching quizzes found
Score Distribution
Percent of People with Each Score
Percentile by Number Answered
Your Score History
You have not taken this quiz